| 000 | 00760 a2200229 4500 | ||
|---|---|---|---|
| 001 | 200128862 | ||
| 999 |
_c200128862 _d36029 |
||
| 003 | TR-AnTOB | ||
| 005 | 20231130134716.0 | ||
| 008 | 130703s2013 tu 000 0 | ||
| 040 | _aTR-AnTOB | ||
| 041 | _atur | ||
| 050 | 1 | 4 |
_aLB1028.25.T9 _bA737 2013 |
| 090 | _aLB1028.25.T9 A737 2013 | ||
| 245 | 0 | 0 |
_aAraştırma projeleri özetleri _b(2012 yılı) |
| 264 | 1 |
_aİstanbul: _bYıldız Teknik Üniversitesi Bilimsel Araştırma Projeleri Koordinatörlüğü, _c2013 |
|
| 300 |
_a493 p. ; _c25 cm. |
||
| 650 | 0 | 0 |
_aEğitim _xAraştırma _zTürkiye _962059 |
| 650 | 0 | 0 |
_aEducation _xResearch _zTurkey _972222 |
| 710 |
_aYıldız Teknik Üniversitesi. _bBilimsel Araştırma Projeleri Koordinatörlüğü _987636 |
||
| 942 | _cBK | ||